[Event "Calvia Amateur op 19th"]
[Site "Calvia"]
[Date "2022.10.16"]
[Round "9"]
[White "Holliman, Bob"]
[Black "Breed, Greg"]
[Result "1-0"]
[WhiteElo "1922"]
[BlackElo "1744"]
[PlyCount "45"]
[EventDate "2022.10.08"]
[EventType "swiss"]
[EventRounds "9"]
[EventCountry "ESP"]
[SourceTitle "CBM 210 Extra"]
[Source "ChessBase"]
[SourceDate "2022.11.30"]
[SourceVersion "1"]
[SourceVersionDate "2022.11.30"]
[SourceQuality "1"]

1. d4 d5 2. Nf3 Nf6 3. Bf4 c5 4. e3 Nc6 5. Be2 Bf5 6. 0-0 e6 7. c4 Bxb1 8. Rxb1 Be7 9. a3 0-0 10. dxc5 dxc4 11. Qc2 Bxc5 12. b4 Be7 13. Bxc4 Rc8 14. Qb3 Qb6 15. h3 h6 16. Rfd1 a6 17. Ne5 Nxe5 18. Bxe5 Rfd8 19. Rxd8+ Rxd8 20. Be2 Ne4 21. Qc2 Rd2 22. Qxe4 Rxe2 23. Qg4 1-0

[Event "American Continental 16th"]
[Site "San Salvador"]
[Date "2022.05.03"]
[Round "2"]
[White "Hernandez, Rodolfo Anibal"]
[Black "Holliman, Bob"]
[Result "0-1"]
[WhiteElo "1625"]
[BlackElo "1908"]
[PlyCount "54"]
[EventDate "2022.05.02"]
[EventType "swiss"]
[EventRounds "11"]
[EventCountry "ESA"]
[SourceTitle "EXT 2023"]
[Source "ChessBase"]
[SourceDate "2022.10.05"]
[SourceVersion "1"]
[SourceVersionDate "2022.10.05"]
[SourceQuality "1"]

1. e4 e6 2. d4 d5 3. Nd2 c5 4. Ngf3 Nf6 5. exd5 exd5 6. dxc5 Bxc5 7. Nb3 Bb6 8. Bg5 Bxf2+ 9. Kxf2 Ne4+ 10. Kg1 Nxg5 11. Bb5+ Nc6 12. Qe2+ Ne4 13. c4 0-0 14. cxd5 Qb6+ 15. Kf1 Re8 16. dxc6 Ng3+ 17. hxg3 Rxe2 18. Bxe2 bxc6 19. Rh5 a5 20. Ke1 g6 21. Re5 Be6 22. Nfd4 Bd5 23. Bf3 a4 24. Bxd5 cxd5 25. Rxd5 axb3 26. Nxb3 Rxa2 27. Rc1 Rxb2 0-1

[Event "American Continental 16th"]
[Site "San Salvador"]
[Date "2022.05.03"]
[Round "3"]
[White "Holliman, Bob"]
[Black "Chavez, Ricardo Ernesto"]
[Result "0-1"]
[WhiteElo "1908"]
[BlackElo "2184"]
[PlyCount "60"]
[EventDate "2022.05.02"]
[EventType "swiss"]
[EventRounds "11"]
[EventCountry "ESA"]
[SourceTitle "CBM 208 Extra"]
[Source "ChessBase"]
[SourceDate "2022.07.31"]
[SourceVersion "1"]
[SourceVersionDate "2022.07.31"]
[SourceQuality "1"]

1. d4 Nf6 2. Nf3 c5 3. c3 e6 4. Bf4 d5 5. e3 Nc6 6. Bd3 Nh5 7. Bg3 Nxg3 8. hxg3 g6 9. Nbd2 cxd4 10. exd4 Bg7 11. Qe2 0-0 12. Ne5 Nxe5 13. dxe5 f6 14. exf6 Qxf6 15. f4 e5 16. 0-0-0 e4 17. Bc2 Be6 18. Nb3 Rac8 19. Kb1 a6 20. Nd4 Bf7 21. Qe3 b5 22. g4 b4 23. cxb4 Rc4 24. g5 Qb6 25. Nf5 Qxe3 26. Nxe3 Rxb4 27. Bb3 d4 28. Nd5 Rb7 29. Rhe1 Re8 30. g4 Rxb3 0-1

[Event "Calvia Amateur op 16th"]
[Site "Calvia"]
[Date "2019.10.08"]
[Round "4"]
[White "Reichmann, Felix"]
[Black "Holliman, Bob"]
[Result "1/2-1/2"]
[WhiteElo "1719"]
[BlackElo "1937"]
[PlyCount "70"]
[EventDate "2019.10.05"]
[EventType "swiss"]
[EventRounds "9"]
[EventCountry "ESP"]
[SourceTitle "CBM 192 Extra"]
[Source "Chessbase"]
[SourceDate "2019.11.06"]
[SourceVersion "1"]
[SourceVersionDate "2019.11.06"]
[SourceQuality "1"]

1. c4 b6 2. Nc3 c5 3. e4 Bb7 4. g3 g6 5. Bg2 Bg7 6. Nge2 Nc6 7. d3 e6 8. 0-0 Nge7 9. Be3 0-0 10. d4 cxd4 11. Nxd4 a6 12. Qd2 Ne5 13. Qe2 Qc7 14. b3 b5 15. f4 N5c6 16. Rfd1 Nxd4 17. Bxd4 bxc4 18. Bxg7 Kxg7 19. Qxc4 Bc6 20. Qc5 Qa7 21. Qxa7 Rxa7 22. e5 Bxg2 23. Kxg2 Rc8 24. Rac1 Rac7 25. Ne2 Rc2 26. Kf3 Nd5 27. a3 R8c6 28. Rxc2 Rxc2 29. Rd3 Kf8 30. h4 h5 31. Nd4 Rc1 32. b4 Ke8 33. Nb3 Rc2 34. Na5 Rc7 35. Nb3 Rc2 1/2-1/2

[Event "Calvia Amateur op 15th"]
[Site "Calvia"]
[Date "2018.10.09"]
[Round "4"]
[White "Voiteanu, Christian Gabriel"]
[Black "Holliman, Bob"]
[Result "1/2-1/2"]
[WhiteElo "2147"]
[BlackElo "1894"]
[PlyCount "75"]
[EventDate "2018.10.06"]
[EventType "swiss"]
[EventRounds "9"]
[EventCountry "ESP"]
[SourceTitle "CBM 186 Extra"]
[Source "ChessBase"]
[SourceDate "2018.08.24"]
[SourceVersion "1"]
[SourceVersionDate "2018.08.24"]
[SourceQuality "1"]

1. d4 d5 2. c4 c6 3. Nf3 Nf6 4. e3 a6 5. b3 Bg4 6. Bd3 e6 7. Bb2 Bd6 8. Nbd2 Nbd7 9. e4 dxe4 10. Nxe4 Nxe4 11. Bxe4 Qa5+ 12. Kf1 Nf6 13. Bc2 Ba3 14. Bxa3 Qxa3 15. Qc1 Qxc1+ 16. Rxc1 Bxf3 17. gxf3 0-0-0 18. Rd1 Rhe8 19. f4 g6 20. Ke2 Nh5 21. Kf3 Re7 22. Rd3 Red7 23. Rhd1 Kc7 24. Ke3 Kd6 25. b4 Ke7 26. a4 Rc7 27. a5 Ng7 28. Rb3 Ne8 29. Be4 Nd6 30. Rc1 Rcd7 31. Rd3 Rc7 32. Rd2 Rcd7 33. h4 h5 34. Bb1 Rc7 35. Bd3 Rdd7 36. Rb1 Rd8 37. Rc1 Rdd7 38. Be4 1/2-1/2

[Event "American Continental 13th"]
[Site "Medellin"]
[Date "2017.06.16"]
[Round "9"]
[White "Castaneda Jimenez, Jhon David"]
[Black "Holliman, Bob"]
[Result "1-0"]
[WhiteElo "2195"]
[BlackElo "1898"]
[PlyCount "117"]
[EventDate "2017.06.10"]
[EventType "swiss"]
[EventRounds "11"]
[EventCountry "COL"]
[SourceTitle "EXT 2018"]
[Source "ChessBase"]
[SourceDate "2017.10.13"]
[SourceVersion "1"]
[SourceVersionDate "2017.10.13"]
[SourceQuality "1"]

1. d4 d5 2. Nf3 c6 3. c4 Nf6 4. Nc3 dxc4 5. a4 Bf5 6. e3 e6 7. Bxc4 Bb4 8. 0-0 0-0 9. Qe2 Nbd7 10. e4 Bg6 11. e5 Nd5 12. Nxd5 cxd5 13. Bd3 Qa5 14. Ng5 Rfe8 15. Bb5 Re7 16. h4 h6 17. h5 Bh7 18. Nxh7 Kxh7 19. Bd3+ Kh8 20. Bf4 Ree8 21. Bb1 Rec8 22. Qe3 Qd8 23. g3 Qe7 24. Bxh6 Rc6 25. Bg5 f6 26. Qd3 Nf8 27. Bh4 Qf7 28. exf6 gxf6 29. Qf3 Be7 30. Bg5 Rc4 31. Be3 Rac8 32. Kg2 Rb4 33. Ra2 Rcc4 34. Qd1 Qe8 35. Bd3 Rxd4 36. Bxd4 Rxd4 37. Bb5 Rxd1 38. Bxe8 Rd2 39. Raa1 Bc5 40. Rac1 b6 41. b4 Bxb4 42. Rc7 a5 43. Kh3 e5 44. Kg4 Bc5 45. Kf5 Bxf2 46. Rf7 Bc5 47. Rxf6 e4 48. Kg4 Nh7 49. Rh6 Kg7 50. Rg6+ Kh8 51. Re6 Nf8 52. Rc6 e3 53. Rxc5 e2 54. Rxf8+ Kg7 55. Rf7+ Kg8 56. Re7 bxc5 57. Bg6 Kf8 58. Re8+ Kg7 59. Kg5 1-0

[Event "American Continental 13th"]
[Site "Medellin"]
[Date "2017.06.11"]
[Round "3"]
[White "Garcia Alarcon, Alvaro"]
[Black "Holliman, Bob"]
[Result "1-0"]
[WhiteElo "2152"]
[BlackElo "1898"]
[PlyCount "95"]
[EventDate "2017.06.10"]
[EventType "swiss"]
[EventRounds "11"]
[EventCountry "COL"]
[SourceTitle "CBM 178 Extra"]
[Source "ChessBase"]
[SourceDate "2017.06.22"]
[SourceVersion "1"]
[SourceVersionDate "2017.06.22"]
[SourceQuality "1"]

1. d4 d5 2. c4 c6 3. Nc3 Nf6 4. cxd5 cxd5 5. Bf4 Nc6 6. e3 Bf5 7. Bb5 e6 8. Nf3 Nd7 9. 0-0 Be7 10. Qa4 Qb6 11. Rac1 0-0 12. a3 Rfc8 13. Nd1 a6 14. Be2 Qd8 15. b4 b5 16. Qb3 Nb6 17. Nb2 Bd6 18. Bxd6 Qxd6 19. Rc5 Nc4 20. h3 h6 21. a4 Rcb8 22. a5 Rc8 23. Rd1 Ne7 24. Nd3 Nc6 25. Qc3 Nd8 26. Rxc8 Rxc8 27. Nc5 Ra8 28. Bxc4 bxc4 29. Ne5 f6 30. Ned7 Ra7 31. Nb6 Qc7 32. g4 Bg6 33. Kg2 Be8 34. f3 Bb5 35. e4 Qf7 36. exd5 exd5 37. Re1 Nc6 38. Nc8 Rc7 39. Nd6 Qg6 40. Nf5 Qf7 41. h4 h5 42. Kg3 Rc8 43. Qd2 Rd8 44. Ne6 hxg4 45. Nxd8 Qc7+ 46. Qf4 Qxd8 47. Qxg4 Qf8 48. Qg6 1-0

[Event "American Continental 13th"]
[Site "Medellin"]
[Date "2017.06.11"]
[Round "2"]
[White "Holliman, Bob"]
[Black "Zapata Cuartas, Juan Carlos"]
[Result "1-0"]
[WhiteElo "1898"]
[BlackElo "2110"]
[PlyCount "56"]
[EventDate "2017.06.10"]
[EventType "swiss"]
[EventRounds "11"]
[EventCountry "COL"]
[SourceTitle "CBM 178 Extra"]
[Source "ChessBase"]
[SourceDate "2017.06.22"]
[SourceVersion "1"]
[SourceVersionDate "2017.06.22"]
[SourceQuality "1"]

1. d4 Nf6 2. Nf3 e6 3. Bf4 d5 4. e3 Be7 5. h3 0-0 6. Be2 c5 7. c3 Nc6 8. Nbd2 b6 9. 0-0 Bb7 10. Ne5 Nxe5 11. Bxe5 Nd7 12. Bh2 Re8 13. Nf3 a6 14. a4 Bf8 15. Bd3 g6 16. Ne5 f6 17. Nxd7 Qxd7 18. Qg4 Rad8 19. Qf4 Qf7 20. Qc7 c4 21. Bc2 e5 22. Qxb6 Rd6 23. Qa5 Qe6 24. b4 Ra8 25. dxe5 fxe5 26. Qc7 Bc8 27. f4 Be7 28. fxe5 Rc6 1-0

[Event "Calvia Amateur op 13th"]
[Site "Calvia"]
[Date "2016.10.16"]
[Round "9"]
[White "Mut Company, Guillem Joan"]
[Black "Holliman, Bob"]
[Result "1/2-1/2"]
[WhiteElo "1980"]
[BlackElo "1877"]
[PlyCount "101"]
[EventDate "2016.10.08"]
[EventType "swiss"]
[EventRounds "9"]
[EventCountry "ESP"]
[SourceTitle "CBM 175 Extra"]
[Source "ChessBase"]
[SourceDate "2016.12.12"]
[SourceVersion "1"]
[SourceVersionDate "2016.12.12"]
[SourceQuality "1"]

1. d4 d5 2. c4 c6 3. Nc3 Nf6 4. Nf3 dxc4 5. a4 Bf5 6. Ne5 e6 7. f3 Nbd7 8. e4 Bg6 9. Nxg6 hxg6 10. Bxc4 Qc7 11. f4 Bb4 12. Qf3 c5 13. d5 exd5 14. exd5 0-0-0 15. 0-0 Bxc3 16. Qxc3 Nb6 17. Rd1 Nbxd5 18. Qe5 Rhe8 19. Qxc7+ Kxc7 20. b3 Re7 21. g3 Nc3 22. Rxd8 Kxd8 23. Bb2 Ne2+ 24. Kf2 Nd4 25. Rd1 Ng4+ 26. Kg1 Ne3 27. Rd3 Nxc4 28. Bxd4 Rd7 29. bxc4 cxd4 30. Kf2 Kc7 31. Ke2 Kc6 32. Rb3 a6 33. Kd3 Kc5 34. a5 f6 35. Rb2 Re7 36. Rb6 g5 37. fxg5 fxg5 38. g4 Re3+ 39. Kd2 Rh3 40. Rxb7 Rxh2+ 41. Kd3 Rh3+ 42. Kc2 Kxc4 43. Rc7+ Kb4 44. Rxg7 Kxa5 45. Rxg5+ Kb4 46. Rg8 a5 47. Rb8+ Kc4 48. Rc8+ Kd5 49. Rd8+ Ke4 50. Re8+ Kf4 51. Rd8 1/2-1/2

[Event "Calvia Amateur op 13th"]
[Site "Calvia"]
[Date "2016.10.09"]
[Round "2"]
[White "Holliman, Bob"]
[Black "Cassidy, Sydney"]
[Result "1-0"]
[WhiteElo "1877"]
[BlackElo "1583"]
[PlyCount "57"]
[EventDate "2016.10.08"]
[EventType "swiss"]
[EventRounds "9"]
[EventCountry "ESP"]
[SourceTitle "CBM 175 Extra"]
[Source "ChessBase"]
[SourceDate "2016.12.12"]
[SourceVersion "1"]
[SourceVersionDate "2016.12.12"]
[SourceQuality "1"]

1. d4 Nf6 2. c4 e6 3. Nf3 c5 4. d5 exd5 5. cxd5 d6 6. Nc3 Be7 7. e4 Nbd7 8. Bd3 0-0 9. 0-0 a6 10. a4 Re8 11. Re1 b6 12. h3 Bb7 13. b3 h6 14. Bb2 Qc7 15. Rc1 Rac8 16. Ne2 Qb8 17. Ng3 Qa7 18. Nf5 Bf8 19. Nd2 g6 20. Ng3 Ne5 21. Nc4 Nfd7 22. f4 Nxc4 23. bxc4 Bg7 24. Bxg7 Kxg7 25. Qg4 Nf6 26. Nf5+ Kh7 27. Qh4 gxf5 28. Qxf6 Ba8 29. e5 1-0

[Event "Calvia Amateur op 13th"]
[Site "Calvia"]
[Date "2016.10.08"]
[Round "1"]
[White "Reuker, Jari"]
[Black "Holliman, Bob"]
[Result "1-0"]
[WhiteElo "2269"]
[BlackElo "1877"]
[PlyCount "131"]
[EventDate "2016.10.08"]
[EventType "swiss"]
[EventRounds "9"]
[EventCountry "ESP"]
[SourceTitle "CBM 175 Extra"]
[Source "ChessBase"]
[SourceDate "2016.12.12"]
[SourceVersion "1"]
[SourceVersionDate "2016.12.12"]
[SourceQuality "1"]

1. e4 e6 2. d4 d5 3. Nd2 c5 4. exd5 Qxd5 5. Ngf3 cxd4 6. Bc4 Qd8 7. 0-0 Qc7 8. Qe2 Nc6 9. Nb3 Bd6 10. Nbxd4 Nxd4 11. Nxd4 a6 12. Nf5 Bxh2+ 13. Kh1 Be5 14. Re1 g6 15. Qxe5 Qxe5 16. Rxe5 gxf5 17. a4 Bd7 18. Ra3 Ne7 19. a5 Bc6 20. Bf1 Rd8 21. Re1 h5 22. c4 h4 23. Rh3 Ng6 24. b4 Rg8 25. b5 axb5 26. cxb5 Bd5 27. a6 bxa6 28. bxa6 Ke7 29. Kh2 f6 30. Rc3 Rc8 31. Ba3+ Kd7 32. Rec1 Rxc3 33. Rxc3 Rb8 34. a7 Rc8 35. Bb5+ Kd8 36. Bc5 Ra8 37. Bb6+ Ke7 38. Rc7+ Kd6 39. Rd7+ Ke5 40. f3 f4 41. Rf7 Nf8 42. Kh3 f5 43. Ba6 Kd6 44. Bc7+ Kc6 45. Bxf4 Nd7 46. Bb8 Rxb8 47. axb8Q Nxb8 48. Bb7+ Kd6 49. Kxh4 Bxb7 50. Rxb7 Nc6 51. Kg5 Ne7 52. Rb6+ Kd7 53. Rb2 Nd5 54. Kg6 Ke7 55. Rb7+ Kd6 56. Kf7 f4 57. Rb2 Ne3 58. Re2 Ke5 59. Kg6 Kd4 60. Kg5 e5 61. Ra2 Nc4 62. Ra4 Kd5 63. Kf6 Ne3 64. Ra5+ Kd6 65. Ra2 Kd5 66. Rd2+ 1-0

[Event "Canadian op"]
[Site "Windsor"]
[Date "2016.07.13"]
[Round "4"]
[White "Daniluk, Jim"]
[Black "Holliman, Bob"]
[Result "1-0"]
[WhiteElo "1903"]
[BlackElo "1905"]
[PlyCount "67"]
[EventDate "2016.07.10"]
[EventType "swiss"]
[EventRounds "9"]
[EventCountry "CAN"]
[SourceTitle "EXT 2017"]
[Source "ChessBase"]
[SourceDate "2016.10.25"]
[SourceVersion "1"]
[SourceVersionDate "2016.10.25"]
[SourceQuality "1"]

1. d4 d5 2. Nf3 c6 3. c4 Nf6 4. Nc3 dxc4 5. e4 b5 6. e5 Nd5 7. a4 Nxc3 8. bxc3 e6 9. Qc2 Bb7 10. Be2 a6 11. 0-0 h6 12. Rb1 Qc7 13. Qe4 Nd7 14. Qg4 Nb6 15. axb5 cxb5 16. Be3 h5 17. Qh3 Be4 18. Ng5 Bf5 19. g4 Bxb1 20. Rxb1 Nd5 21. Bd2 Be7 22. Ne4 h4 23. g5 0-0-0 24. g6 fxg6 25. Qxe6+ Kb7 26. Bf3 Ka7 27. Nd6 Bxd6 28. Bxd5 Ba3 29. Be4 Rhe8 30. Qxg6 Qb6 31. Qf7+ Re7 32. Qf4 Rc7 33. Qxh4 b4 34. Qxd8 1-0

[Event "North American op 25th"]
[Site "Las Vegas"]
[Date "2015.12.26"]
[Round "2"]
[White "Holliman, Bob"]
[Black "Yanayt, Eugene"]
[Result "0-1"]
[WhiteElo "1935"]
[BlackElo "2213"]
[PlyCount "62"]
[EventDate "2015.12.26"]
[EventType "swiss"]
[EventRounds "9"]
[EventCountry "USA"]
[SourceTitle "CBM 170 Extra"]
[Source "ChessBase"]
[SourceDate "2016.02.25"]
[SourceVersion "1"]
[SourceVersionDate "2016.02.25"]
[SourceQuality "1"]

1. d4 Nf6 2. c4 g6 3. g3 Bg7 4. Bg2 0-0 5. Nf3 d6 6. Nc3 Nc6 7. 0-0 a6 8. b3 Rb8 9. Bb2 b5 10. cxb5 axb5 11. Rc1 b4 12. Na4 Na7 13. Nd2 c6 14. Qc2 Qa5 15. e4 Qh5 16. Rfe1 Bh3 17. Bh1 Rfc8 18. Qd1 Qxd1 19. Rexd1 Rc7 20. Bg2 Bxg2 21. Kxg2 Nc8 22. e5 Nd5 23. Nc4 Ra8 24. Rc2 Ra6 25. Re1 Bf8 26. exd6 exd6 27. Re8 Kg7 28. Bc1 Be7 29. Re2 Raa7 30. Bb2 Bf6 31. R8e4 Nc3 0-1

[Event "Saint Louis op 4th"]
[Site "Saint Louis"]
[Date "2013.12.01"]
[Round "4"]
[White "Holliman, Bob"]
[Black "Agrest, Inna"]
[Result "1/2-1/2"]
[WhiteElo "1992"]
[BlackElo "2160"]
[PlyCount "66"]
[EventDate "2013.11.30"]
[EventType "swiss"]
[EventRounds "5"]
[EventCountry "USA"]
[SourceTitle "CBM 157 Extra"]
[Source "ChessBase"]
[SourceDate "2013.12.19"]
[SourceVersion "1"]
[SourceVersionDate "2013.12.19"]
[SourceQuality "1"]

1. c4 Nf6 2. Nc3 g6 3. g3 Bg7 4. Bg2 0-0 5. Nf3 d6 6. d4 Nbd7 7. 0-0 e5 8. b3 Re8 9. dxe5 dxe5 10. Bb2 c6 11. Qc2 Nc5 12. Rfd1 Qc7 13. e4 Bg4 14. Ba3 Bf8 15. h3 Bxf3 16. Bxf3 Ne6 17. Bxf8 Rxf8 18. Bg2 Nd4 19. Qb2 Nd7 20. Ne2 Nxe2+ 21. Qxe2 Nc5 22. b4 Ne6 23. c5 b5 24. cxb6 axb6 25. Qc4 b5 26. Qc3 Rfd8 27. Rxd8+ Rxd8 28. a4 bxa4 29. Rxa4 Nd4 30. Bf1 Qe7 31. Bc4 Rd7 32. Kg2 h5 33. Ra5 Kh7 1/2-1/2

[Event "Tulsa Okie op"]
[Site "Tulsa"]
[Date "2011.09.04"]
[Round "3"]
[White "Wright, Terry"]
[Black "Holliman, Bob"]
[Result "0-1"]
[WhiteElo "1976"]
[BlackElo "2059"]
[PlyCount "62"]
[EventDate "2011.09.03"]
[EventType "swiss"]
[EventRounds "7"]
[EventCountry "USA"]
[SourceTitle "CBM 144 Extra"]
[Source "ChessBase"]
[SourceDate "2011.10.28"]
[SourceVersion "1"]
[SourceVersionDate "2011.10.28"]
[SourceQuality "1"]

1. e4 e6 2. d4 d5 3. Nd2 Nf6 4. e5 Nfd7 5. Bd3 c5 6. c3 Nc6 7. Ne2 cxd4 8. cxd4 f6 9. Nf4 Nxd4 10. Qh5+ Ke7 11. Bxh7 Nxe5 12. Ng6+ Nxg6 13. Qxg6 e5 14. Qd3 Qb6 15. 0-0 Qb5 16. Qb1 Be6 17. Bd3 Qb6 18. Re1 Kf7 19. Bg6+ Kg8 20. Nf1 Bb4 21. Re3 Rc8 22. a3 Bd6 23. Bd2 Nb3 24. Ra2 Bc5 25. Rf3 e4 26. Bxe4 dxe4 27. Qxe4 Nxd2 28. Nxd2 Bxa2 29. b3 Bxa3 30. Qd5+ Kf8 31. Nc4 Bxb3 0-1

[Event "Tulsa Okie op"]
[Site "Tulsa"]
[Date "2011.09.03"]
[Round "1"]
[White "Fernandez, Jaime"]
[Black "Holliman, Bob"]
[Result "0-1"]
[WhiteElo "2003"]
[BlackElo "2059"]
[PlyCount "68"]
[EventDate "2011.09.03"]
[EventType "swiss"]
[EventRounds "7"]
[EventCountry "USA"]
[SourceTitle "CBM 144 Extra"]
[Source "ChessBase"]
[SourceDate "2011.10.28"]
[SourceVersion "1"]
[SourceVersionDate "2011.10.28"]
[SourceQuality "1"]

1. e4 e6 2. d4 d5 3. exd5 exd5 4. Nf3 Nf6 5. Bg5 h6 6. Qe2+ Be7 7. Bxf6 gxf6 8. Nbd2 Nc6 9. c3 Bf5 10. Qb5 Qd7 11. 0-0-0 0-0-0 12. Be2 Kb8 13. Nh4 a6 14. Qa4 Nb4 15. b3 Nd3+ 16. Bxd3 Qxa4 17. bxa4 Bxd3 18. Nf1 Bc4 19. Kb2 Rhe8 20. Ne3 Be2 21. Rd2 Bh5 22. Re1 Bg6 23. g4 Bd6 24. h3 Re6 25. Nhf5 Bf4 26. Rde2 h5 27. Ng7 Rb6+ 28. Ka1 hxg4 29. Nxg4 Bd3 30. Rb2 Rxb2 31. Kxb2 Rd6 32. Rd1 Rb6+ 33. Ka1 Bc2 34. Rg1 Bd2 0-1

[Event "North American op 19th"]
[Site "Las Vegas"]
[Date "2009.12.27"]
[Round "3"]
[White "Holliman, Bob"]
[Black "Acon, Jennifer T"]
[Result "1/2-1/2"]
[WhiteElo "2164"]
[BlackElo "1824"]
[PlyCount "114"]
[EventDate "2009.12.26"]
[EventType "swiss"]
[EventRounds "7"]
[EventCountry "USA"]
[SourceTitle "CBM 134 Extra"]
[Source "ChessBase"]
[SourceDate "2010.03.03"]
[SourceVersion "1"]
[SourceVersionDate "2010.03.03"]
[SourceQuality "1"]

1. d4 Nf6 2. Bg5 d5 3. Nf3 Nbd7 4. g3 g6 5. Bg2 Bg7 6. 0-0 h6 7. Bf4 0-0 8. Qc1 Kh7 9. c4 c6 10. cxd5 Nxd5 11. Bd2 Re8 12. e4 N5b6 13. Ba5 e5 14. dxe5 Nxe5 15. Nxe5 Bxe5 16. Bc3 Qf6 17. f4 Bxc3 18. Nxc3 Bd7 19. e5 Qe7 20. Ne4 Red8 21. Nf6+ Kg7 22. b3 Be6 23. Qb2 Qc5+ 24. Kh1 Qd4 25. Qe2 Nd5 26. Rae1 Nxf6 27. exf6+ Qxf6 28. f5 gxf5 29. Rf2 Qc3 30. Ref1 Rd3 31. Qh5 Rd2 32. Rxf5 Bxf5 33. Qxf5 Rxg2 34. Qxf7+ Kh8 35. Kxg2 Rd8 36. Rf2 Qg7 37. Qe6 Rf8 38. Re2 Qf6 39. Qxf6+ Rxf6 40. Re7 Rd6 41. Rxb7 Rd2+ 42. Kh3 Rxa2 43. Rc7 Ra6 44. Kg4 Ra5 45. Rxc6 Kg7 46. Rc7+ Kg6 47. h4 h5+ 48. Kf4 Rb5 49. Rc3 a5 50. Re3 Kf6 51. Rc3 Kg6 52. Ke4 Kf6 53. Kd4 Kf5 54. Kc4 Re5 55. Rd3 Kg4 56. Kc3 Rf5 57. Kb2 Rf3 1/2-1/2

[Event "US Open-109"]
[Site "Dallas"]
[Date "2008.08.10"]
[Round "9"]
[White "Guadalupe, Francisco II"]
[Black "Holliman, Bob"]
[Result "1-0"]
[WhiteElo "2230"]
[BlackElo "2179"]
[PlyCount "59"]
[EventDate "2008.08.02"]
[EventType "swiss"]
[EventRounds "9"]
[EventCountry "USA"]
[SourceTitle "CBM 125 Extra"]
[Source "ChessBase"]
[SourceDate "2008.09.01"]
[SourceVersion "1"]
[SourceVersionDate "2008.09.01"]
[SourceQuality "1"]

1. e4 d6 2. d4 g6 3. Nc3 Bg7 4. Be2 a6 5. f4 b5 6. Bf3 Bb7 7. e5 Bxf3 8. Qxf3 c6 9. Bd2 d5 10. f5 gxf5 11. Qxf5 e6 12. Qg4 Bf8 13. Qh5 c5 14. Nce2 Nc6 15. Nf3 Nxd4 16. Nexd4 cxd4 17. Nxd4 Qb6 18. Rf1 Ra7 19. Be3 Bc5 20. 0-0-0 Rc7 21. Kb1 Bxd4 22. Rxd4 Qc5 23. c3 Qf8 24. Rdf4 Qg7 25. Rg4 Qf8 26. a4 Rc4 27. axb5 axb5 28. Kc2 Rxg4 29. Qxg4 h5 30. Qe2 1-0

[Event "North American op"]
[Site "Oklahoma"]
[Date "2008.05.24"]
[Round "4"]
[White "Madison, Jeremy M"]
[Black "Holliman, Bob"]
[Result "0-1"]
[WhiteElo "1994"]
[BlackElo "2162"]
[PlyCount "164"]
[EventDate "2008.05.23"]
[EventType "swiss"]
[EventRounds "8"]
[EventCountry "USA"]
[SourceTitle "CBM 124 Extra"]
[Source "ChessBase"]
[SourceDate "2008.07.03"]
[SourceVersion "1"]
[SourceVersionDate "2008.07.03"]
[SourceQuality "1"]

1. d4 d6 2. c4 Nd7 3. e4 e5 4. d5 g6 5. Be3 Bg7 6. Nc3 Ngf6 7. f3 b6 8. Qd2 h6 9. g4 a5 10. Nge2 Nc5 11. Ng3 Bd7 12. Be2 Qe7 13. Bd1 Ng8 14. Bc2 Bf6 15. 0-0-0 Bg5 16. Bxg5 hxg5 17. Nf1 Qf6 18. Qe2 Qf4+ 19. Qe3 Rh3 20. Qxf4 gxf4 21. Nd2 Nf6 22. Ne2 Nh7 23. Ng1 Rh4 24. Nf1 Ke7 25. Rd2 Ng5 26. Rg2 a4 27. Kd2 b5 28. Kc3 bxc4 29. Kxc4 Rb8 30. Kc3 f6 31. Nd2 Bb5 32. b4 axb3 33. Bxb3 Nf7 34. Nc4 g5 35. h3 Nd8 36. Rhh2 Ndb7 37. Rc2 Bxc4 38. Bxc4 Na4+ 39. Kd2 Nbc5 40. Bb3 Nxb3+ 41. axb3 Nc5 42. Rb2 Rxb3 43. Rxb3 Nxb3+ 44. Kc3 Nd4 45. Rb2 Rh8 46. Rb7 Kd7 47. Kb2 Ra8 48. Rb4 Kc8 49. Rc4 Rb8+ 50. Ka2 Rb6 51. Ra4 Kb7 52. Rc4 Rb5 53. Ra4 Rc5 54. Rb4+ Kc8 55. Rb2 Rc1 56. Ne2 Nxe2 57. Rxe2 Rf1 58. Rh2 Rxf3 59. h4 gxh4 60. Rxh4 Rg3 61. Rh6 Rxg4 62. Rxf6 Rg3 63. Kb2 Re3 64. Kc2 Rxe4 65. Rf8+ Kb7 66. Rf7 Rd4 67. Kc3 Rxd5 68. Kc2 Rd4 69. Kc3 Kb6 70. Rf8 Kc5 71. Rf7 c6 72. Rf6 d5 73. Rf5 Re4 74. Kd3 Re3+ 75. Kd2 Kd4 76. Rf8 f3 77. Kd1 e4 78. Rf5 Re2 79. Rf7 Ra2 80. Rb7 f2 81. Rf7 Kd3 82. Kc1 f1Q+ 0-1

[Event "Stillwater Winter op"]
[Site "Stillwater"]
[Date "2007.02.19"]
[Round "7"]
[White "Brooks, Michael A"]
[Black "Holliman, Bob"]
[Result "1-0"]
[WhiteElo "2481"]
[BlackElo "2143"]
[PlyCount "119"]
[EventDate "2007.02.17"]
[EventType "swiss"]
[EventRounds "7"]
[EventCountry "USA"]
[SourceTitle "CBM 116 Extra"]
[Source "ChessBase"]
[SourceDate "2007.03.07"]
[SourceVersion "1"]
[SourceVersionDate "2007.03.07"]
[SourceQuality "1"]

1. e4 e5 2. Nf3 Nc6 3. Bb5 a6 4. Bxc6 dxc6 5. 0-0 Bd6 6. d4 exd4 7. Qxd4 f6 8. Re1 Ne7 9. e5 fxe5 10. Nxe5 0-0 11. Nd2 Be6 12. Ndf3 Nf5 13. Qg4 Bd5 14. Bg5 Bxf3 15. Nxf3 Qd7 16. Bd2 Rae8 17. Bc3 Qf7 18. b3 Nh6 19. Qg5 Bf4 20. Qh4 Qg6 21. Rxe8 Qxe8 22. Re1 Qg6 23. Qe7 Bd6 24. Qe6+ Qxe6 25. Rxe6 Nf7 26. Kf1 Ra8 27. Re4 Rd8 28. Ke2 Bf8 29. Bb2 Nd6 30. Re5 Nf7 31. Re6 Bd6 32. g3 Kf8 33. Re4 Kg8 34. h4 Kf8 35. Nd4 Re8 36. Ne6+ Kg8 37. Kf3 Ne5+ 38. Bxe5 Rxe6 39. Bd4 Re7 40. Rxe7 Bxe7 41. h5 Kf7 42. Ke4 g6 43. g4 c5 44. Be5 c6 45. f4 gxh5 46. gxh5 Bh4 47. Kf5 Be7 48. c4 Bh4 49. Bc7 Bf6 50. Bb6 Bd4 51. b4 Bb2 52. Bxc5 Bg7 53. a4 b5 54. cxb5 cxb5 55. axb5 axb5 56. Ke4 Ke6 57. f5+ Kd7 58. Kd5 Bc3 59. Bd6 Be1 60. f6 1-0

[Event "Western States op"]
[Site "Reno"]
[Date "2006.10.06"]
[Round "1"]
[White "Anchondo, Francisco"]
[Black "Holliman, Bob"]
[Result "1-0"]
[WhiteElo "2021"]
[BlackElo "2145"]
[PlyCount "57"]
[EventDate "2006.10.07"]
[EventType "swiss"]
[EventRounds "6"]
[EventCountry "USA"]
[SourceTitle "EXT 2009"]
[Source "ChessBase"]
[SourceDate "2008.11.26"]
[SourceVersion "1"]
[SourceVersionDate "2008.11.26"]
[SourceQuality "1"]

1. e4 e6 2. d4 d5 3. Nd2 Be7 4. Ngf3 Nf6 5. e5 Nfd7 6. Bd3 c5 7. c3 Nc6 8. 0-0 a5 9. Re1 cxd4 10. cxd4 Qb6 11. Qa4 0-0 12. Nf1 Nb4 13. Bb1 f5 14. Ng3 Qd8 15. a3 Nb6 16. Qd1 Nc6 17. h3 Bd7 18. Nh5 a4 19. g4 Qe8 20. Ng5 g6 21. gxf5 gxf5 22. Kh2 Kh8 23. Rg1 Nc4 24. Ng7 Qb8 25. Nxh7 N6xe5 26. f4 Ng4+ 27. hxg4 Kxh7 28. gxf5 Be8 29. f6+ 1-0